[Event "Chania op 9th"]
[Site "Chania"]
[Date "1999.08.06"]
[Round "4"]
[White "Kiriakopoulos, Antonios"]
[Black "Kutirov, Rolando"]
[Result "0-1"]
[WhiteElo "2126"]
[BlackElo "2392"]
[PlyCount "76"]
[EventDate "1999.08.03"]
[EventType "swiss"]
[EventRounds "9"]
[EventCountry "GRE"]
[SourceTitle "EXT 2000"]
[Source "ChessBase"]
[SourceDate "1999.11.16"]
[SourceVersion "1"]
[SourceVersionDate "1999.11.16"]
[SourceQuality "1"]

1. d4 d5 2. c4 c6 3. Nc3 Nf6 4. Nf3 e6 5. e3 Nbd7 6. Bd3 dxc4 7. Bxc4 b5 8. Bd3 Bb7 9. 0-0 a6 10. Qe2 c5 11. e4 cxd4 12. Nxd4 Qb8 13. Nb3 b4 14. Nb1 a5 15. N1d2 Bd6 16. Nf3 0-0 17. Rd1 Ng4 18. h3 Nge5 19. Nxe5 Nxe5 20. Bb5 Ng6 21. Nd4 Rc8 22. a4 Bh2+ 23. Kh1 Bf4 24. f3 Qe5 25. Bxf4 Nxf4 26. Qf2 Qg5 27. Bf1 Nh5 28. g4 Nf6 29. Nb5 Qf4 30. Qe2 Ba6 31. Rd2 h5 32. Rad1 hxg4 33. hxg4 g5 34. Rd6 Kg7 35. Kg1 Rh8 36. Qf2 Nxg4 37. Qd4+ e5 38. Qd2 Ne3 0-1

[Event "Korinthos op 3rd"]
[Site "Korinthos"]
[Date "1999.07.30"]
[Round "7"]
[White "Kiriakopoulos, Antonios"]
[Black "Markidis, Konstantinos"]
[Result "0-1"]
[WhiteElo "2126"]
[BlackElo "2295"]
[PlyCount "83"]
[EventDate "1999.07.27"]
[EventType "swiss"]
[EventRounds "9"]
[EventCountry "GRE"]
[SourceTitle "EXT 2000"]
[Source "ChessBase"]
[SourceDate "1999.11.16"]
[SourceVersion "1"]
[SourceVersionDate "1999.11.16"]
[SourceQuality "1"]

1. d4 Nf6 2. c4 g6 3. Nc3 Bg7 4. e4 d6 5. f4 c5 6. dxc5 Qa5 7. Bd3 Nfd7 8. Bd2 Nxc5 9. Bc2 Nc6 10. Nd5 Qd8 11. b4 Nd7 12. Rb1 a5 13. a3 axb4 14. axb4 Nb6 15. Nxb6 Qxb6 16. f5 0-0 17. Ne2 Ne5 18. c5 dxc5 19. Nf4 c4 20. Nd5 Qd8 21. Be3 Nd7 22. 0-0 b5 23. fxg6 hxg6 24. Bg5 Nf6 25. Be3 Nxd5 26. exd5 Bb7 27. Be4 f5 28. Bf3 Ra3 29. Bc5 Rf7 30. Qe1 Bxd5 31. Bxe7 Rxe7 32. Bxd5+ Kf8 33. Qc1 Rc3 34. Qg5 Qxd5 35. Qxg6 Rf7 36. Rbd1 Rd3 37. Rde1 Rd2 38. Qg3 Qd6 39. Qf3 Qd5 40. Qg3 Qd4+ 41. Kh1 Qd6 42. Qf3 0-1